000 01453nam2a22003011 4500
001 RU\NLR\A1SV\85886
005 20251203152403.2
035 _a(NLR Aleph) 009767291
090 _a13484003
_c13484003
100 _a20080306d1925 u y0rusy50 ca
101 0 _arus
200 1 _aПрирода
210 _d1925
215 _a93, [2] с.
300 _aАвт.: Н.Романов, А.Скворцов, Б.Серебряков, М.Аверкиев, С.Станков, А.Писнячевский
461 1 _1001RU\NLR\A1SV\85885
_12000#$aНижегородский край$e[Сб. ст.]$eПособие для учителей шк. I и II ступ.$fПод ред. Архангельского, С.И., Балахонова, А.Г., Калигина, И.Г. и [и др.]$vЧ.1
_910042159
_cН.-Новгород
_d1925-1926
_fПод ред. Архангельского, С.И., Балахонова, А.Г., Калигина, И.Г. и [и др.]
_nШк. и жизнь
_o[Сб. ст.] : Пособие для учителей шк. I и II ступ.
_tНижегородский край
_vЧ.1
702 1 _aРоманов
_bН.
702 1 _aСкворцов
_bА.
702 1 _aСеребряков
_bБ.
702 1 _aАверкиев
_bМ.
702 1 _aСтанков
_bС.
702 1 _aПиснячевский
_bА.
801 0 _aRU
_bNLR
_c20080306
852 _aNLR
_j21/453-1
942 _cBOOK
980 _aA1SV
980 _aNB